[Event "40th Olympiad Women"]
[Site "Istanbul TUR"]
[Date "2012.08.28"]
[Round "1.14"]
[Board "2"]
[White "Krivec, Jana"]
[Black "Silva, Natalia"]
[Result "1-0"]
[WhiteTitle "WGM"]
[WhiteElo "2240"]
[BlackElo "1918"]
[WhiteTeam "Slovenia"]
[BlackTeam "Uruguay"]
[WhiteFideId "14601982"]
[BlackFideId "3000575"]
[EventDate "2012.08.28"]

1. e4 c5 2. Nf3 e6 3. d4 cxd4 4. Nxd4 a6 5. Nc3 Bc5 6. Nb3 Ba7 7. Bf4 Qf6 8. Qd2
Nc6 9. e5 Qg6 10. O-O-O f5 11. h4 Nge7 12. Rh3 Nb4 13. Rg3 Qf7 14. Na5 b5 15.
Nb7 Bb8 16. Nd6+ Bxd6 17. exd6 Ng6 18. h5 Nxf4 19. Qxf4 Nc6 20. Qg5 Rg8 21. h6
Kf8 22. Be2 g6 23. Bf3 Bb7 24. Nd5 Ne5 25. Ne7 Bxf3 26. gxf3 Rh8 27. b3 Re8 28.
Re1 Nc6 29. Nxc6 dxc6 30. Rd1 Qd7 31. Qf6+ Kg8 32. Rdg1 Qf7 33. Rxg6+ hxg6 34.
Rxg6+ 1-0

[Event "40th Olympiad Women"]
[Site "Istanbul TUR"]
[Date "2012.08.28"]
[Round "1.14"]
[Board "3"]
[White "de Leon, Patricia"]
[Black "Srebrnic, Ana"]
[Result "0-1"]
[BlackTitle "WGM"]
[WhiteElo "1841"]
[BlackElo "2211"]
[WhiteTeam "Uruguay"]
[BlackTeam "Slovenia"]
[WhiteFideId "3000273"]
[BlackFideId "14603314"]
[EventDate "2012.08.28"]

1. d4 d6 2. c4 e5 3. d5 f5 4. e4 fxe4 5. Nc3 Nf6 6. Nge2 Bf5 7. Ng3 Bg6 8. Qe2
Be7 9. Ngxe4 Nxe4 10. Nxe4 O-O 11. g3 c6 12. Bg2 cxd5 13. cxd5 Na6 14. Bd2 Nc7
15. Nc3 Bg5 16. O-O Bxd2 17. Qxd2 Qd7 18. Rac1 Nb5 19. Nxb5 Qxb5 20. Rc3 Rac8
21. Rfc1 Rxc3 22. Rxc3 Qb6 23. Rb3 Qc7 24. Rc3 Qb6 25. Rb3 Qc7 26. Rc3 Qa5 27.
a3 Qb6 28. Qe2 h6 29. h4 Bf5 30. Kf1 Bg4 31. Qd2 Bd7 32. Kg1 Qa5 33. Qe3 Qa4 34.
Qd2 Qa5 35. Qe3 Qa4 36. Qd2 Bf5 37. Qe1 Qb5 38. Qd2 Qb6 39. Qe2 Bb1 40. Bh3 Bg6
41. Bg2 Qd4 42. Rc4 Rxf2 43. Qxf2 Qxc4 44. Qxa7 Qc1+ 45. Kh2 Qxb2 46. Qe3 Bf5
47. Qf3 Qc2 48. g4 Bd3 49. g5 Qe2 50. Qh3 Be4 51. Qe6+ Kh7 52. g6+ Bxg6 53. Kg1
Qe1+ 54. Kh2 Qxh4+ 55. Kg1 Qg3 56. Kh1 e4 0-1

[Event "40th Olympiad Women"]
[Site "Istanbul TUR"]
[Date "2012.08.28"]
[Round "1.14"]
[Board "4"]
[White "Orehek, Spela"]
[Black "Costa, Anaclara"]
[Result "1/2-1/2"]
[WhiteElo "2048"]
[BlackElo "1673"]
[WhiteTeam "Slovenia"]
[BlackTeam "Uruguay"]
[WhiteFideId "14605872"]
[BlackFideId "3005666"]
[EventDate "2012.08.28"]

1. e4 e6 2. d4 d5 3. Nd2 Nf6 4. Bd3 b6 5. e5 Nfd7 6. f4 c5 7. c3 Ba6 8. Ndf3
Bxd3 9. Qxd3 g6 10. Ne2 Nc6 11. O-O c4 12. Qc2 b5 13. Ng5 Nb6 14. g4 Ne7 15. Ng3
Bh6 16. Nf3 Qd7 17. b3 Rc8 18. Qd2 a5 19. Ba3 Nc6 20. Bc5 Rb8 21. a4 cxb3 22.
axb5 Nc4 23. bxc6 Qxc6 24. Qd3 Bxf4 25. Ne1 Bxe5 26. Qf3 Rb7 27. Rf2 Bd6 28. Nd3
O-O 29. Bxd6 Qxd6 30. Nb2 Qd7 31. Qe2 Nxb2 32. Qxb2 a4 33. Nf1 Rc8 34. Rf3 Ra7
35. Nd2 Rb8 36. Nb1 Qe7 37. Na3 e5 38. dxe5 Qxe5 39. Raf1 Rd8 40. Qf2 Qe7 41.
Qb2 Rdd7 42. h3 Qc5+ 43. Kg2 Re7 44. Rd3 Ra8 45. Rf2 Qc6 46. Nb1 Rae8 47. Rdf3
Qa6 48. Qa3 Qa7 49. Rf4 Re2 50. Qd6 d4 51. Qxd4 Qa8+ 52. Kg3 R8e3+ 53. R2f3
Rxf3+ 54. Rxf3 Qb8+ 55. Qf4 Qxf4+ 56. Rxf4 Re1 57. Nd2 b2 58. Kf2 Rh1 59. Rxa4
Rxh3 60. Rb4 Rh2+ 61. Ke3 Rh3+ 62. Kd4 Rh4 63. Ke5 Rh2 64. Rxb2 Rg2 65. Kf4 h5
66. gxh5 gxh5 67. Rb8+ Kg7 68. Nf3 Rc2 69. Rc8 Kg6 70. c4 Kf6 71. c5 Rc4+ 72.
Kg3 Ke6 73. c6 Kd6 74. Rf8 Rxc6 75. Rxf7 Ke6 76. Rh7 Rc5 77. Kh4 Kf6 78. Rh6+
Kg7 79. Rb6 Kf7 80. Ng5+ Ke7 81. Kxh5 1/2-1/2

[Event "40th Olympiad Women"]
[Site "Istanbul TUR"]
[Date "2012.08.28"]
[Round "1.15"]
[Board "1"]
[White "Lanchava, Tea"]
[Black "Hamza, Amira"]
[Result "1-0"]
[WhiteTitle "IM"]
[BlackTitle "WCM"]
[WhiteElo "2351"]
[BlackElo "1840"]
[WhiteTeam "Netherlands"]
[BlackTeam "Algeria"]
[WhiteFideId "1005308"]
[BlackFideId "7901160"]
[EventDate "2012.08.28"]

1. g3 Nf6 2. Bg2 d5 3. d3 e6 4. f4 Be7 5. Nf3 c5 6. e3 Nc6 7. O-O O-O 8. h3 d4
9. e4 b5 10. g4 Bb7 11. Nbd2 Qc7 12. Nh2 Rfd8 13. g5 Nd7 14. e5 Nb4 15. Ne4 Nf8
16. a3 Nd5 17. Ng4 Ng6 18. Qe1 c4 19. h4 Ne3 20. Nxe3 dxe3 21. Bxe3 cxd3 22. h5
Nf8 23. c3 Rac8 24. Rd1 Ba6 25. Rf3 Bb7 26. Rh3 Bxe4 27. Bxe4 Qc4 28. Bxa7 d2
29. Qe3 Qa4 30. Bf3 Qxa7 31. Qxa7 Bc5+ 32. Qxc5 Rxc5 33. Kf2 f6 34. gxf6 gxf6
35. exf6 Kf7 36. Ke3 Kxf6 37. Be4 Rd6 38. Rxd2 Rxd2 39. Kxd2 e5 40. Rf3 exf4 41.
Rxf4+ Ke5 42. Rf5+ Kd6 43. Rxf8 1-0

[Event "40th Olympiad Women"]
[Site "Istanbul TUR"]
[Date "2012.08.28"]
[Round "1.15"]
[Board "2"]
[White "Latreche, Khadidja"]
[Black "Schut, Lisa"]
[Result "0-1"]
[WhiteTitle "WCM"]
[BlackTitle "WIM"]
[WhiteElo "1889"]
[BlackElo "2305"]
[WhiteTeam "Algeria"]
[BlackTeam "Netherlands"]
[WhiteFideId "7901780"]
[BlackFideId "1019481"]
[EventDate "2012.08.28"]

1. e4 c5 2. Nf3 d6 3. d4 cxd4 4. Nxd4 Nf6 5. f3 e5 6. Nb3 a5 7. Nc3 a4 8. Nd2 d5
9. exd5 Nxd5 10. Nde4 Be6 11. Bb5+ Nc6 12. Bxa4 Bb4 13. Bxc6+ bxc6 14. Bd2 Qb6
15. Qc1 O-O 16. a3 Nxc3 17. Nxc3 Bxc3 18. Bxc3 Bc4 19. Qd2 Rfd8 20. Qf2 c5 21.
Qe3 Qg6 22. Qf2 Re8 23. Rc1 e4 24. f4 Qh5 25. g4 Qh6 26. Qe3 Rad8 27. h4 Qc6 28.
f5 Rd3 29. Qg5 Rxc3 30. bxc3 e3 31. Rh2 Qf3 0-1

[Event "40th Olympiad Women"]
[Site "Istanbul TUR"]
[Date "2012.08.28"]
[Round "1.15"]
[Board "3"]
[White "Haast, Anne"]
[Black "Latreche, Sabrina"]
[Result "1/2-1/2"]
[WhiteTitle "WIM"]
[BlackTitle "WIM"]
[WhiteElo "2235"]
[BlackElo "1949"]
[WhiteTeam "Netherlands"]
[BlackTeam "Algeria"]
[WhiteFideId "1017292"]
[BlackFideId "7901798"]
[EventDate "2012.08.28"]

1. e4 e5 2. Nf3 Nc6 3. Bb5 a6 4. Ba4 Nf6 5. O-O Be7 6. Re1 b5 7. Bb3 d6 8. c3
Na5 9. Bc2 c5 10. d4 Qc7 11. Nbd2 O-O 12. h3 cxd4 13. cxd4 Bb7 14. d5 Rac8 15.
Bb1 g6 16. Nf1 Nh5 17. N3h2 Bf6 18. Ng4 Bg7 19. Nh6+ Kh8 20. Nf5 Qxc1 21. Qxc1
Rxc1 22. Rxc1 gxf5 23. Rc7 Rc8 24. Rxc8+ Bxc8 25. Ne3 Bh6 26. exf5 Bxe3 27. fxe3
Nc4 28. Kf2 Nxb2 29. g4 Nf6 30. e4 Nd7 31. Bc2 Nc5 32. Kf3 Kg7 33. g5 Nc4 34.
Rg1 Bd7 35. h4 Nd2+ 36. Ke3 Nc4+ 37. Kf3 Nd2+ 38. Ke3 Nc4+ 39. Kf3 Nd2+ 1/2-1/2

[Event "40th Olympiad Women"]
[Site "Istanbul TUR"]
[Date "2012.08.28"]
[Round "1.15"]
[Board "4"]
[White "Nouali, Djouher"]
[Black "Van Weersel, Arlette"]
[Result "0-1"]
[BlackTitle "WIM"]
[WhiteElo "1727"]
[BlackElo "2151"]
[WhiteTeam "Algeria"]
[BlackTeam "Netherlands"]
[WhiteFideId "7900414"]
[BlackFideId "1009877"]
[EventDate "2012.08.28"]

1. c4 Nf6 2. Nc3 d5 3. cxd5 Nxd5 4. Nf3 Nxc3 5. dxc3 Qxd1+ 6. Kxd1 Bf5 7. Bf4 c6
8. Nd2 Nd7 9. e4 Bg6 10. h4 e5 11. Be3 f6 12. Bc4 Bc5 13. Ke2 h5 14. b4 Bxe3 15.
Kxe3 Nb6 16. a4 Ke7 17. Bb3 a5 18. Nc4 Nxc4+ 19. Bxc4 axb4 20. cxb4 Rhd8 21. f3
Rd4 22. Rhc1 Bf7 23. Bxf7 Kxf7 24. b5 Rdxa4 25. Rxa4 Rxa4 26. bxc6 bxc6 27. Rxc6
Ra2 28. g4 Rh2 29. Rc7+ Kg6 30. gxh5+ Kh7 31. Rc1 Rxh4 32. Rg1 Rxh5 33. Rg3 Rh1
34. Rg4 Re1+ 35. Kf2 Ra1 36. Ke3 g6 37. Kf2 Kg7 38. Ke3 Kf7 39. Kd3 Ra3+ 40. Ke2
Rb3 41. Rg1 f5 42. exf5 gxf5 43. Ra1 Kf6 44. Ra6+ Kg5 45. Ra5 Kf4 46. Ra4+ e4
47. fxe4 fxe4 48. Ra8 Rb2+ 49. Ke1 Kf3 50. Rf8+ Ke3 51. Kd1 Rb1+ 52. Kc2 Rb7 53.
Kd1 Rd7+ 54. Ke1 Ra7 55. Kd1 Ra1+ 56. Kc2 Ke2 57. Re8 e3 58. Re7 Ra8 59. Kc3
Rc8+ 60. Kb2 Kd2 61. Rd7+ Ke1 62. Re7 e2 63. Re6 Rf8 64. Kc2 Kf2 0-1

[Event "40th Olympiad Women"]
[Site "Istanbul TUR"]
[Date "2012.08.28"]
[Round "1.16"]
[Board "1"]
[White "Gamboa Alvarado, Leticia"]
[Black "Dembo, Yelena"]
[Result "0-1"]
[BlackTitle "IM"]
[WhiteElo "1890"]
[BlackElo "2457"]
[WhiteTeam "Costa Rica"]
[BlackTeam "Greece"]
[WhiteFideId "6502270"]
[BlackFideId "723916"]
[EventDate "2012.08.28"]

1. d4 Nf6 2. c4 g6 3. Nc3 Bg7 4. e4 d6 5. f4 O-O 6. Nf3 c5 7. d5 e6 8. dxe6 fxe6
9. Bd3 Nc6 10. a3 Nh5 11. Ne2 e5 12. g3 exf4 13. Nxf4 Nxf4 14. gxf4 Bg4 15. O-O
Nd4 16. Be2 Qe7 17. e5 Nxe2+ 18. Qxe2 dxe5 19. Qe4 Bxf3 20. Rxf3 Rae8 21. Be3 b6
22. Rd1 exf4 23. Qd5+ Kh8 24. Bxf4 Rd8 0-1

[Event "40th Olympiad Women"]
[Site "Istanbul TUR"]
[Date "2012.08.28"]
[Round "1.16"]
[Board "2"]
[White "Botsari, Anna-Maria"]
[Black "Acevedo Mendez, Lisseth"]
[Result "1-0"]
[WhiteTitle "WGM"]
[WhiteElo "2336"]
[BlackElo "1843"]
[WhiteTeam "Greece"]
[BlackTeam "Costa Rica"]
[WhiteFideId "4200446"]
[BlackFideId "6502938"]
[EventDate "2012.08.28"]

1. d4 d5 2. c4 Nf6 3. cxd5 Nxd5 4. e4 Nf6 5. Nc3 e6 6. Nf3 Nc6 7. Bb5 Bd7 8. O-O
Bb4 9. e5 Nd5 10. Nxd5 exd5 11. Qb3 Be7 12. Qxd5 O-O 13. Qe4 Re8 14. Bc4 Qc8 15.
Qf4 Rf8 16. d5 Nd8 17. Be3 Bg4 18. h3 Bxf3 19. Qxf3 Qd7 20. Rfd1 b5 21. Bd3 Nb7
22. Bf5 Qe8 23. d6 Nxd6 24. exd6 Bxd6 25. Bf4 Bxf4 26. Qxf4 c5 27. b3 Rd8 28.
Rxd8 Qxd8 29. Rc1 Qe7 30. Qe3 Qf6 31. Qxc5 a6 32. Bxh7+ Kxh7 33. Qxf8 Qb2 34.
Qc8 g6 35. Qc7 Kg8 36. Rc2 Qd4 37. Kh2 1-0

[Event "40th Olympiad Women"]
[Site "Istanbul TUR"]
[Date "2012.08.28"]
[Round "1.16"]
[Board "3"]
[White "Rodriguez Arrieta, Maria Elena"]
[Black "Makropoulou, Marina"]
[Result "1-0"]
[BlackTitle "WGM"]
[WhiteElo "1738"]
[BlackElo "2256"]
[WhiteTeam "Costa Rica"]
[BlackTeam "Greece"]
[WhiteFideId "6502911"]
[BlackFideId "4200187"]
[EventDate "2012.08.28"]

1. e4 e5 2. Nf3 Nc6 3. Bc4 Bc5 4. c3 Nf6 5. d4 exd4 6. cxd4 Bb4+ 7. Bd2 Bxd2+ 8.
Nbxd2 d5 9. exd5 Nxd5 10. Qb3 Nce7 11. O-O O-O 12. Rfe1 c6 13. Ne4 Qb6 14. Nc5
Qxb3 15. Bxb3 Rd8 16. a4 b6 17. Nd3 Kf8 18. Rac1 Bb7 19. Nde5 f6 20. Ng4 Nb4 21.
Red1 Ba6 22. Bc4 Bxc4 23. Rxc4 a5 24. Ne3 Ra7 25. Kf1 Rad7 26. Nc2 Nxc2 27. Rxc2
Kf7 28. Rdc1 g5 29. h3 h5 30. g4 hxg4 31. hxg4 Rh8 32. Kg1 Rd6 33. Rc4 Rhd8 34.
R1c2 Kg6 35. Kg2 Re6 36. Kg3 Rdd6 37. b3 Nd5 38. Rc1 Nf4 39. R1c2 Nd5 40. Rc1
Nb4 41. Re1 Rxe1 42. Nxe1 Re6 43. Nc2 Nxc2 44. Rxc2 f5 45. Rc4 Kf6 46. b4 b5 47.
Rc5 f4+ 48. Kf3 axb4 49. axb5 b3 50. bxc6 b2 51. Rb5 Rxc6 52. Rxb2 Rd6 53. Ke4
Re6+ 54. Kd5 Re1 55. Rc2 Rg1 56. Rc6+ Ke7 57. f3 Re1 58. Rg6 Re3 59. Rxg5 Rxf3
60. Rf5 Rf1 61. Ke4 Ke6 62. Rxf4 Re1+ 63. Kf3 Rg1 64. Rf5 Rd1 65. Ke4 Rg1 66.
Kf4 Rd1 67. d5+ Ke7 68. Kg5 Rg1 69. Kh5 Rh1+ 70. Kg6 Rg1 71. g5 Rg2 72. Kh6 Rh2+
73. Kg7 Rg2 74. g6 Rg1 75. d6+ Kxd6 76. Kf7 Ra1 77. g7 Ra7+ 78. Kg6 1-0

[Event "40th Olympiad Women"]
[Site "Istanbul TUR"]
[Date "2012.08.28"]
[Round "1.16"]
[Board "4"]
[White "Fakhiridou, Ekaterini"]
[Black "Nunez Gonzalez, Neeshmy"]
[Result "1-0"]
[WhiteTitle "WIM"]
[WhiteElo "2215"]
[BlackElo "1828"]
[WhiteTeam "Greece"]
[BlackTeam "Costa Rica"]
[WhiteFideId "4202848"]
[BlackFideId "6504396"]
[EventDate "2012.08.28"]

1. e4 c5 2. b3 Nc6 3. Bb2 d6 4. Bb5 Bd7 5. Ne2 Nf6 6. Bxc6 Bxc6 7. d3 e6 8. O-O
Be7 9. Nd2 b5 10. h3 O-O 11. f4 a5 12. Qe1 a4 13. Rb1 d5 14. e5 Nd7 15. Ng3 axb3
16. axb3 g6 17. Nf3 c4 18. Kh2 Qb6 19. bxc4 dxc4 20. dxc4 bxc4 21. Bd4 Qa5 22.
Qe2 Bb5 23. Ne4 Ba6 24. Bc3 Qc7 25. Nfd2 Qc6 26. Rbe1 Nb6 27. Nf6+ Bxf6 28. exf6
Nd5 29. Qf3 Qa4 30. Rc1 Rfb8 31. Rfe1 Qd7 32. Be5 Rc8 33. Ne4 Bb7 34. Qg3 Qd8
35. Qg5 h5 36. Ng3 Qf8 37. f5 exf5 38. Nxf5 Ra6 39. Rcd1 Ba8 40. Rxd5 Bxd5 41.
Ne7+ Kh7 42. Nxc8 Re6 43. Ne7 Bb7 44. Rb1 Qh6 45. Qxh6+ Kxh6 46. Bf4+ g5 47. Bc1
Be4 48. Rb5 1-0

[Event "40th Olympiad Women"]
[Site "Istanbul TUR"]
[Date "2012.08.28"]
[Round "1.17"]
[Board "1"]
[White "Bojkovic, Natasa"]
[Black "Richards, Deborah"]
[Result "1-0"]
[WhiteTitle "IM"]
[BlackTitle "WFM"]
[WhiteElo "2392"]
[BlackElo "1997"]
[WhiteTeam "Serbia"]
[BlackTeam "Jamaica"]
[WhiteFideId "908550"]
[BlackFideId "7400446"]
[EventDate "2012.08.28"]

1. e4 c5 2. Nf3 Nc6 3. Bb5 Nf6 4. Bxc6 dxc6 5. d3 Bg4 6. Nbd2 e6 7. b3 Be7 8.
Bb2 O-O 9. h3 Bh5 10. g4 Bg6 11. Qe2 a5 12. a4 Nd7 13. Nc4 f6 14. Nfd2 b5 15.
Ne3 Qc7 16. O-O Bd6 17. Ng2 Rae8 18. f4 e5 19. f5 Bf7 20. Ne3 Ra8 21. Bc3 Rfd8
22. Kh1 Ra7 23. Nf3 Rda8 24. g5 Bh5 25. Qg2 Bxf3 26. Rxf3 Qd8 27. Rg3 Kh8 28.
Rg1 Be7 29. gxf6 Bxf6 30. Rxg7 Nb6 31. Rg3 Rf7 32. Ng4 Nd7 33. Nh6 Rf8 34. Rg8+ 1-0

[Event "40th Olympiad Women"]
[Site "Istanbul TUR"]
[Date "2012.08.28"]
[Round "1.17"]
[Board "2"]
[White "Gray, Krishna"]
[Black "Manakova, Maria"]
[Result "0-1"]
[BlackTitle "WGM"]
[WhiteElo "1728"]
[BlackElo "2304"]
[WhiteTeam "Jamaica"]
[BlackTeam "Serbia"]
[WhiteFideId "7400659"]
[BlackFideId "927007"]
[EventDate "2012.08.28"]

1. d4 Nf6 2. Nf3 g6 3. e3 Bg7 4. Bd3 O-O 5. e4 c5 6. c3 d5 7. Nbd2 cxd4 8. Nxd4
e5 9. N4f3 dxe4 10. Nxe4 Nxe4 11. Bxe4 Qxd1+ 12. Kxd1 Nc6 13. Re1 Rd8+ 14. Kc2
Be6 15. Bxc6 bxc6 16. Nxe5 Bf5+ 17. Kb3 Rab8+ 18. Ka3 Bf8+ 19. b4 c5 20. Kb3
cxb4 21. c4 f6 22. g4 fxe5 23. gxf5 Rd3+ 24. Ka4 b3 25. axb3 Rdxb3 26. Re3 R3b6
27. Rxe5 Ra6+ 28. Ra5 Rb4+ 0-1

[Event "40th Olympiad Women"]
[Site "Istanbul TUR"]
[Date "2012.08.28"]
[Round "1.17"]
[Board "4"]
[White "Barrett, Ariel"]
[Black "Rakic, Marija"]
[Result "0-1"]
[WhiteTitle "WCM"]
[BlackTitle "WIM"]
[WhiteElo "1774"]
[BlackElo "2300"]
[WhiteTeam "Jamaica"]
[BlackTeam "Serbia"]
[WhiteFideId "7400411"]
[BlackFideId "936286"]
[EventDate "2012.08.28"]

1. e4 g6 2. d4 Bg7 3. Nc3 d6 4. Be3 a6 5. Qd2 b5 6. a3 Bb7 7. f3 Nd7 8. Nge2 Rc8
9. Nf4 c5 10. dxc5 Nxc5 11. Nd3 Ne6 12. Nb4 Nf6 13. Be2 O-O 14. O-O Nd7 15. Nbd5
Bxd5 16. exd5 Nec5 17. Bh6 Nf6 18. Bxg7 Kxg7 19. b4 Ncd7 20. Ne4 Qb6+ 21. Kh1
Nxe4 22. fxe4 Ne5 23. a4 Nc4 24. Qg5 Qe3 25. Qg4 Ne5 26. Qh4 Qxe2 27. Qxe7 Rxc2
28. Qf6+ Kg8 29. Rg1 Ng4 0-1

[Event "40th Olympiad Women"]
[Site "Istanbul TUR"]
[Date "2012.08.28"]
[Round "1.18"]
[Board "1"]
[White "Azman Hisham, Nur Najiha"]
[Black "Borosova, Zuzana"]
[Result "0-1"]
[WhiteTitle "WFM"]
[BlackTitle "WGM"]
[WhiteElo "1882"]
[BlackElo "2280"]
[WhiteTeam "Malaysia"]
[BlackTeam "Slovakia"]
[WhiteFideId "5704685"]
[BlackFideId "14905779"]
[EventDate "2012.08.28"]

1. d4 Nf6 2. c4 c5 3. e3 g6 4. Nf3 Bg7 5. Be2 O-O 6. Nc3 cxd4 7. Nxd4 Nc6 8. O-O
d6 9. a3 Bd7 10. b4 Rc8 11. Bb2 Qc7 12. Rc1 Qb8 13. Qd2 Rfd8 14. h3 b6 15. Rfe1
Be8 16. Bf1 Qb7 17. Na2 d5 18. c5 bxc5 19. bxc5 Ne4 20. Qe2 Na5 21. c6 Nxc6 22.
Nxc6 Rxc6 23. Bxg7 Kxg7 24. Nb4 Rxc1 25. Rxc1 a5 26. Qa6 Qxa6 27. Nxa6 e6 28.
Rc7 Rd7 29. f3 Rxc7 30. Nxc7 Nd6 31. Kf2 Kf8 32. Ke1 Ke7 33. Kd2 Kd7 34. Nb5
Nxb5 35. Bxb5+ Ke7 36. Bd3 Kd6 37. Kc3 Kc5 38. g3 e5 39. Bc2 d4+ 40. Kd2 Kc4 41.
e4 g5 42. g4 f6 43. Bd1 d3 44. a4 Bf7 0-1

[Event "40th Olympiad Women"]
[Site "Istanbul TUR"]
[Date "2012.08.28"]
[Round "1.18"]
[Board "2"]
[White "Pokorna, Regina"]
[Black "Azman Hisham, Nur Nabila"]
[Result "1-0"]
[WhiteTitle "WGM"]
[BlackTitle "WCM"]
[WhiteElo "2353"]
[BlackElo "1910"]
[WhiteTeam "Slovakia"]
[BlackTeam "Malaysia"]
[WhiteFideId "14902052"]
[BlackFideId "5702135"]
[EventDate "2012.08.28"]

1. e4 c5 2. Nf3 e6 3. d4 cxd4 4. Nxd4 a6 5. Nc3 Qc7 6. Be2 Nf6 7. O-O Bb4 8. Qd3
Nc6 9. Nxc6 dxc6 10. Bg5 Bxc3 11. Qxc3 e5 12. Bxf6 gxf6 13. f4 Be6 14. Rad1 Bd7
15. fxe5 Qxe5 16. Qxe5+ fxe5 17. Bc4 O-O-O 18. Rxf7 h6 19. Rdxd7 Rxd7 20. Be6
Rd8 21. Kf2 Kc7 22. Rxd7+ Rxd7 23. Bxd7 Kxd7 24. Kf3 Ke6 25. Kg4 Kf6 26. Kh5 Kg7
27. g4 a5 28. g5 1-0

[Event "40th Olympiad Women"]
[Site "Istanbul TUR"]
[Date "2012.08.28"]
[Round "1.18"]
[Board "4"]
[White "Mrvova, Alena"]
[Black "Tan, Li Ting"]
[Result "1/2-1/2"]
[WhiteTitle "WIM"]
[WhiteElo "2241"]
[BlackElo "1834"]
[WhiteTeam "Slovakia"]
[BlackTeam "Malaysia"]
[WhiteFideId "14902036"]
[BlackFideId "5704820"]
[EventDate "2012.08.28"]

1. e4 e5 2. Nf3 Nc6 3. Bb5 a6 4. Ba4 Nf6 5. d3 b5 6. Bb3 Be7 7. O-O d6 8. a4 Rb8
9. axb5 axb5 10. c3 O-O 11. Qe2 Bb7 12. Na3 Ba8 13. Nc2 d5 14. exd5 Nxd5 15.
Nxe5 Nxe5 16. Qxe5 Bd6 17. Qg5 Qxg5 18. Bxg5 Nf4 19. Bxf4 Bxf4 20. Rfe1 Bd6 21.
Ne3 g6 22. Ng4 Kg7 23. Ne5 Rbd8 24. d4 c5 25. Ra7 Bxe5 26. dxe5 c4 27. Bd1 Bd5
28. Bg4 Rfe8 29. f4 Be6 30. Bf3 Rd2 31. g4 Rxb2 32. h3 h5 33. gxh5 Bxh3 34. h6+
Kg8 35. h7+ Kg7 36. Bd5 Be6 37. Bxe6 Rxe6 38. Rxf7+ Kh8 39. Ra1 Re8 40. Rd7 b4
41. cxb4 c3 42. Rc1 c2 43. Kf2 Rxb4 44. Ke3 g5 45. Rxc2 Rxf4 46. Rc5 Rh4 47. Kf3
Rxh7 48. Rxh7+ Kxh7 49. Kg4 Kg6 50. Rc6+ Kg7 51. Kf5 Rf8+ 52. Ke6 Re8+ 53. Kd6
Kf8 54. Rc2 Ra8 55. Ke6 Ra6+ 56. Kf5 Ke7 57. Rc7+ Kf8 58. Kxg5 Ke8 59. Kf5 Rb6
60. Ra7 Rc6 61. Ra5 Rb6 62. Ra7 Rc6 63. Ke4 Rb6 64. Kd5 Rh6 65. Rc7 Rg6 66. Rc6
Rxc6 67. Kxc6 Ke7 68. Kc5 Ke6 1/2-1/2

[Event "40th Olympiad Women"]
[Site "Istanbul TUR"]
[Date "2012.08.28"]
[Round "1.19"]
[Board "1"]
[White "Batchimeg, Tuvshintugs"]
[Black "Sop, Selen"]
[Result "1-0"]
[WhiteTitle "WGM"]
[BlackTitle "WCM"]
[WhiteElo "2311"]
[BlackElo "1993"]
[WhiteTeam "Mongolia"]
[BlackTeam "Turkey 2016"]
[WhiteFideId "4900839"]
[BlackFideId "6300278"]
[EventDate "2012.08.28"]

1. d4 d5 2. c4 c6 3. Nc3 Nf6 4. Nf3 dxc4 5. e4 b5 6. e5 Nd5 7. a4 Nxc3 8. bxc3
Bg4 9. Be2 e6 10. Bg5 Qc7 11. axb5 cxb5 12. Qb1 Qb6 13. Qe4 Nc6 14. Qxg4 b4 15.
Bxc4 bxc3 16. O-O Na5 17. Rfb1 Qc7 18. Bb5+ Nc6 19. d5 exd5 20. Nd4 1-0

[Event "40th Olympiad Women"]
[Site "Istanbul TUR"]
[Date "2012.08.28"]
[Round "1.19"]
[Board "2"]
[White "Arig, Busra"]
[Black "Yanjindulam, Dulamsuren"]
[Result "1-0"]
[BlackTitle "WIM"]
[WhiteElo "1864"]
[BlackElo "2232"]
[WhiteTeam "Turkey 2016"]
[BlackTeam "Mongolia"]
[WhiteFideId "6309356"]
[BlackFideId "4900952"]
[EventDate "2012.08.28"]

1. d4 Nf6 2. Nf3 g6 3. c4 Bg7 4. Nc3 O-O 5. Bg5 h6 6. Bh4 d6 7. e3 Nbd7 8. Be2
e5 9. O-O Re8 10. Qc2 c6 11. Rfd1 Qc7 12. dxe5 dxe5 13. Rd2 a5 14. Rad1 Nc5 15.
e4 Bg4 16. h3 Bxf3 17. Bxf3 g5 18. Bg3 Bf8 19. b3 h5 20. a3 Ne6 21. Qb2 Be7 22.
Nd5 cxd5 23. Bxe5 Qc5 24. exd5 g4 25. Bxf6 gxf3 26. dxe6 fxe6 27. Rd7 Kf7 28.
Bh4 Qf5 29. Bxe7 Rg8 30. Bh4+ Kg6 31. Qb1 Raf8 32. Qxf5+ Rxf5 33. Rd8 Rg7 34.
R8d7 b5 35. Rxg7+ Kxg7 36. Rd7+ Kf8 37. Bg3 bxc4 38. bxc4 Rg5 39. h4 Rg4 40. c5
Ke8 41. Rh7 1-0

[Event "40th Olympiad Women"]
[Site "Istanbul TUR"]
[Date "2012.08.28"]
[Round "1.19"]
[Board "3"]
[White "Ankhchimeg, Bayanmunh"]
[Black "Patel, Yesim"]
[Result "1/2-1/2"]
[WhiteTitle "WIM"]
[WhiteElo "2167"]
[BlackElo "1845"]
[WhiteTeam "Mongolia"]
[BlackTeam "Turkey 2016"]
[WhiteFideId "4900600"]
[BlackFideId "6300200"]
[EventDate "2012.08.28"]

1. d4 d5 2. Nf3 Nf6 3. Bg5 e6 4. e3 Nbd7 5. c4 c6 6. Nc3 Qa5 7. cxd5 exd5 8. Bd3
Ne4 9. Qb3 Nxg5 10. Nxg5 Nf6 11. O-O Be7 12. e4 h6 13. Nf3 dxe4 14. Nxe4 Nd5 15.
Rfe1 O-O 16. Rac1 Qb6 17. Qxb6 axb6 18. Nc3 Nxc3 19. bxc3 Bf6 20. Bc4 Bf5 21.
Ne5 h5 22. f4 g6 23. g3 Kg7 24. Kg2 Bd8 25. Bb3 b5 26. Re3 Bb6 27. Re2 Rae8 28.
Rce1 Re7 29. Nf3 Rxe2+ 30. Rxe2 Rd8 31. h3 Ba5 32. Re3 Kf8 33. Ng5 Rd7 34. Kf3
Re7 35. Nh7+ Ke8 36. Nf6+ Kf8 37. g4 hxg4+ 38. hxg4 Bb1 39. c4 bxc4 40. Bxc4 Bd2
41. Rb3 Bxa2 42. Ra3 Bxc4 43. Ra8+ Kg7 44. g5 Re3+ 45. Kg2 Re2+ 46. Kh3 Re3+ 47.
Kg2 Re2+ 48. Kg3 Re3+ 1/2-1/2

[Event "40th Olympiad Women"]
[Site "Istanbul TUR"]
[Date "2012.08.28"]
[Round "1.19"]
[Board "4"]
[White "Ozturk, Hilal"]
[Black "Otgonjargal, Sengeravdan"]
[Result "0-1"]
[BlackTitle "WFM"]
[WhiteElo "1806"]
[BlackElo "2146"]
[WhiteTeam "Turkey 2016"]
[BlackTeam "Mongolia"]
[WhiteFideId "6315330"]
[BlackFideId "4900790"]
[EventDate "2012.08.28"]

1. e4 e5 2. Nf3 Nc6 3. Bb5 a6 4. Ba4 Nf6 5. O-O b5 6. Bb3 Be7 7. Re1 d6 8. c3
O-O 9. h3 Na5 10. Bc2 c5 11. d4 Nc6 12. Be3 Re8 13. Nbd2 Bf8 14. Bg5 h6 15. Be3
Bb7 16. d5 Nb8 17. b3 Nbd7 18. Nf1 Nb6 19. Qe2 g6 20. Ng3 Bg7 21. Nh2 Bc8 22.
Qd2 Kh7 23. Rf1 Qe7 24. Rae1 a5 25. f4 exf4 26. Bxf4 Nbd7 27. Nf3 a4 28. bxa4
bxa4 29. e5 dxe5 30. Nxe5 Qf8 31. Nxd7 Bxd7 32. Be5 Ra6 33. c4 Kg8 34. Qf4 Rb6
35. Bc3 Rxe1 36. Bxe1 Ne8 37. Ne4 Rb2 38. Qd2 Bf5 39. Qc1 Nd6 40. Nxd6 Rxc2 41.
Qf4 Bd3 42. Rf3 Be2 43. Ra3 Bd4+ 44. Kh1 g5 45. Qe4 Bd1 46. Bg3 Rc1 47. Kh2 Bg1+
48. Kh1 Bf2 49. Qe5 Bc2+ 50. Kh2 Bg1+ 0-1